| 000 | 02738nam a22004693i 4500 | ||
|---|---|---|---|
| 001 | EBC931821 | ||
| 003 | MiAaPQ | ||
| 005 | 20260417114912.0 | ||
| 007 | cr cnu|||||||| | ||
| 008 | 260416s2012 xx o ||||0 eng d | ||
| 020 |
_a9781137008367 _q(electronic bk.) |
||
| 020 | _z9781137008350 | ||
| 040 |
_aMiAaPQ _beng _cMiAaPQ |
||
| 100 | 1 |
_aAllinson, Rayne. _969054 |
|
| 245 | 1 | 2 |
_aA Monarchy of Letters : _bRoyal Correspondence and English Diplomacy in the Reign of Elizabeth I. |
| 250 | _a1st ed. | ||
| 264 | 1 |
_aNew York : _bPalgrave Macmillan, _c2012. |
|
| 264 | 4 | _c©2012. | |
| 300 | _a1 online resource (266 pages) | ||
| 336 |
_aText _btxt _2rdacontent |
||
| 337 |
_aComputermedien _bc _2rdamedia |
||
| 338 |
_aOnline Resource _bcr _2rdacarrier |
||
| 490 | 0 | _aQueenship and Power Series | |
| 500 | _aE-Book-ProQuest / Fernzugriff nach Registrierung möglich | ||
| 505 | 0 | _aIntro -- Title -- Copyright -- Dedication -- Contents -- List of Illustrations -- Preface -- A Note on Style -- Acknowledgments -- 1 Tedius and Paynefull: Letter Writing in English Royal Diplomacy -- 2 My Skrating Hand: The Making of Elizabeth's Correspondence -- 3 Entering the Stage: Elizabeth's Use of Letters Her Early Reign, 1558-1559 -- 4 War of Words: King Philip II of Spain, 1558-1584 -- 5 Silent Diplomacy: Queen Mary I of Scotland, 1559-1587 -- 6 Marriage and Motherhood: Catherine de' Médici, Queen Mother of France, 1559-1588 -- 7 Inward and Secret Letters: Tsar Ivan IV of Russia, 1561-1583 -- 8 Letters Full of Marvels: Sultan Murad III of the Ottoman Empire, 1579-1595 -- 9 Well Worth a Letter: King Henry IV of France, 1572-1603 -- 10 Mine Own Hand: King James VI of Scotland, 1579-1603 -- Conclusion -- List of Abbreviations Used in Notes -- Notes -- Additional Reading -- Index. | |
| 520 | _aThis book examines Elizabeth's correspondence with several significant rulers, analyzing how her letters were constructed, drafted and presented, the rhetorical strategies used, and the role these letters played in facilitating diplomatic relations. | ||
| 600 |
_a Elisabeth > I. > England, Königin > 1533-1603 _969070 |
||
| 650 | _aAußenpolitik | ||
| 650 | _aPolitische Kommunikation | ||
| 650 |
_aBrief _92313 |
||
| 650 | _aKommunikation | ||
| 650 | _aDiplomatie | ||
| 651 | _aEngland | ||
| 653 | _aHistory, Modern. | ||
| 655 |
_aFernzugriff _9230 |
||
| 655 | 4 | _aElectronic books. | |
| 776 | 0 | 8 |
_iPrint version: _aAllinson, Rayne _tA Monarchy of Letters _dNew York : Palgrave Macmillan,c2012 _z9781137008350 |
| 856 | 4 | 0 |
_uhttps://ebookcentral.proquest.com/lib/maxweberstiftung-ebooks/detail.action?docID=931821 _zVolltext |
| 942 |
_cEB _2z |
||
| 999 |
_c74083 _d74083 |
||